[Event "DEN-ch Landsholdsklassen 2021"]
[Site "Svendborg"]
[Date "2021.10.17"]
[Round "2.5"]
[White "Antonsen, Mikkel"]
[Black "Haubro, Martin"]
[Result "1/2-1/2"]
[WhiteElo "2409"]
[BlackElo "2426"]
[Annotator "TA"]
[PlyCount "75"]
[EventDate "2021.10.16"]
[EventType "tourn"]
[EventCountry "DEN"]
[SourceTitle "playchess.com"]
[Source "ChessBase"]
[SourceQuality "1"]

{[%evp 9,75,23,20,21,27,17,20,25,29,19,32,10,31,11,35,14,21,0,42,43,37,53,49,19,46,35,18,32,33,-16,19,2,68,-8,-2,-16,-5,-4,-12,-15,-14,-22,0,0,0,-13,0,0,0,0,0,0,0,0,0,-10,0,-41,-20,-41,-49,-41,0,0,0,-49,0,0]} 1. c4 e6 2. Nc3 d5 3. d4 a6 4. cxd5 exd5 5. Bf4 Nf6 6. e3 {D31: Queen's Gambit Declined: Semi-Slav without ...Nf6 (+ Marshall Gambit and Noteboom) and Exchange Variation lines without ...Nf6.} Bd6 7. Qf3 {7.Bg5 gains popularity.} Bxf4 8. Qxf4 Nbd7 {[%cal Bb8d7,Bd7f8,Bf8e6][%mdl 32]} 9. Bd3 Nf8 10. Nge2 Ne6 {[#]} 11. Qg3 $146 ({Predecessor:} 11. Qf3 O-O 12. h4 c5 13. Rd1 cxd4 14. exd4 Re8 15. O-O Nf8 16. Qg3 Nh5 17. Qg5 {0-1 (49) Krush,I (2429)-Khademalsharieh,S (2494) Chess.com INT 2020}) 11... g6 12. O-O O-O 13. Rad1 Ng7 14. f3 c6 15. e4 Be6 16. Kh1 Qb6 17. b3 Rae8 18. Qf2 Qc7 19. Bb1 Nd7 20. Qh4 f5 (20... Qd8 $11 21. Qxd8 Rxd8) 21. exd5 (21. e5 $14) 21... Bxd5 $11 22. Nf4 Qd6 23. Ncxd5 cxd5 24. Nd3 Re7 (24... f4 {with more complications.} 25. Nf2 Qe7 26. Qh6 Nf5 27. Bxf5 Rxf5 28. Ng4 Nf8) 25. Qf4 Qxf4 26. Nxf4 Nf6 27. Rfe1 Rfe8 28. Rxe7 Rxe7 29. Kg1 Ne6 30. Nxe6 Rxe6 {[%mdl 4096] Endgame KRB-KRN} 31. Kf2 Rc6 32. Ke3 Kf7 33. Kf4 h6 34. h4 Nh5+ 35. Ke5 Nf6 36. Kf4 $1 Nh5+ 37. Ke5 Nf6 {[#] ( -> ...Re6+)} 38. Kf4 $1 {Weighted Error Value: White=0.14/Black=0.14} 1/2-1/2

[Event "DEN-ch Landsholdsklassen 2021"]
[Site "Svendborg"]
[Date "2021.10.18"]
[Round "3.1"]
[White "Schandorff, Lars"]
[Black "Rasmussen, Allan Stig"]
[Result "0-1"]
[WhiteElo "2458"]
[BlackElo "2566"]
[Annotator "TA"]
[PlyCount "56"]
[EventDate "2021.10.16"]
[EventType "tourn"]
[EventCountry "DEN"]
[SourceTitle "playchess.com"]
[Source "ChessBase"]
[SourceQuality "1"]

{[%evp 9,56,25,35,24,35,27,39,33,52,40,80,85,82,87,106,69,73,70,69,48,52,53,117,22,124,139,113,64,54,-31,50,-126,-117,-271,-260,-467,-451,-464,-450,-576,-547,-503,-496,-606,-448,-435,-428,-826,-835]} 1. d4 f5 2. Nf3 Nf6 3. Bf4 d6 4. c4 e6 5. e3 Be7 6. h3 {A80: Dutch Defence: Unusual White second moves.} O-O 7. Nc3 Qe8 8. Be2 {White is slightly better.} Nbd7 9. Bh2 {[#]} h6 $146 ({Predecessor:} 9... Ne4 10. Qc2 Ng5 11. Nd2 e5 12. d5 Nb6 13. f4 exf4 14. exf4 Ne4 15. Ndxe4 fxe4 {1-0 (44) Delgado Ramirez,N (2615)-Cordero,D (1926) Antofagasta 2017}) 10. Qc2 b6 11. O-O Kh8 12. e4 fxe4 13. Nxe4 Nh5 14. Bd3 Rxf3 15. gxf3 Qf8 ({Black should play} 15... Qf7 $14) 16. f4 (16. Rfe1 $16) 16... d5 (16... Nxf4 $11 17. Bxf4 Qxf4) 17. cxd5 $16 exd5 18. Nc3 (18. Qxc7 $2 dxe4 19. Bxe4 {[#]} Bd6 $1 $19) (18. Qc6 {looks sharper.} Rb8 19. Qxd5 Ndf6 20. Qe5 Bxh3 21. Rfc1) 18... Nxf4 19. Kh1 (19. Nb5 $14) 19... Ne6 (19... Nxd3 $15 20. Qxd3 c5) 20. f4 $2 (20. f3 $1 $14 {stays ahead.}) 20... Nxd4 $17 21. Qf2 {White does not recover from this.} (21. Qg2 $17 {might work better.}) 21... Nf5 $19 22. Nxd5 $2 (22. Qg2 Nc5 23. Bxf5 Bxf5 24. Bg1) 22... Bb7 {Black is clearly winning.} 23. Be4 Bc5 24. Qc2 {[#]} Re8 $1 {Threatens to win with ...Ne3.} 25. Bg2 Qf7 26. Rad1 Bd4 27. Rxd4 Nxd4 28. Qc4 (28. Qd2 $142 Bxd5 29. Qxd4 Bxg2+ 30. Kxg2) 28... c5 {Weighted Error Value: White=0.69/Black=0.29} 0-1

[Event "DEN-ch Landsholdsklassen 2021"]
[Site "Svendborg"]
[Date "2021.10.18"]
[Round "3.2"]
[White "Fries-Nielsen, Jens Ove"]
[Black "Hansen, Sune Berg"]
[Result "1/2-1/2"]
[WhiteElo "2378"]
[BlackElo "2528"]
[Annotator "TA"]
[PlyCount "127"]
[EventDate "2021.10.16"]
[EventType "tourn"]
[EventCountry "DEN"]
[SourceTitle "playchess.com"]
[Source "ChessBase"]
[SourceQuality "1"]

{[%evp 9,127,-30,-14,-26,-23,-51,-29,-44,-35,-44,-38,-62,-22,-62,0,0,0,8,0,0,0,-20,0,0,0,7,6,0,9,0,35,0,23,0,27,2,31,31,105,102,118,54,66,78,89,31,42,16,14,0,43,0,0,0,10,0,0,-67,-59,-72,-75,-72,-43,-103,-97,-115,0,0,0,-40,0,-4,0,-50,-55,-118,-115,-250,-171,-159,-120,-153,-149,-135,-113,-101,282,279,280,286,270,282,277,268,286,285,284,277,277,259,231,198,370,357,338,268,254,229,197,190,771,788,785,520,500,0,604,0,467,0]} 1. d4 Nf6 2. Nc3 d5 3. a3 e6 4. Bg5 Be7 5. e3 b6 {[#]} 6. Qf3 $146 {D00: 1 d4 d5: Unusual lines.} ({Predecessor:} 6. Bd3 Ba6 7. f4 c5 8. Nf3 Bxd3 9. cxd3 O-O 10. O-O Nc6 11. Ne5 Nxe5 12. fxe5 {1-0 (26) Ting,M (1970)-Mangubat,M (1799) Bacolod 2017}) 6... Bb7 7. Nge2 Nbd7 8. Qh3 {Black has an edge.} a6 9. g4 c5 10. Bf4 g6 11. Ng3 Rc8 (11... h5 $15 12. gxh5 gxh5) 12. Bh6 $1 $11 cxd4 13. exd4 Bf8 14. Be2 Qe7 15. O-O Bxh6 (15... Ng8 {is interesting.} 16. Be3 Bg7 17. Rfe1 b5 18. f4 h5) 16. Qxh6 Qf8 17. Qe3 Qd6 18. f4 O-O 19. h4 b5 (19... Ne4 $5) 20. g5 Ne8 21. Bd3 Ng7 22. h5 Rfe8 23. Rae1 Kf8 ({Better is} 23... Bc6 $14) 24. Qf2 $16 Nf5 25. Nce2 (25. Nd1 $1 $16) 25... b4 26. axb4 Qxb4 27. b3 (27. c3 $16 Qd6 28. Kg2) 27... a5 $14 28. Nxf5 exf5 29. Ra1 Bc6 30. c3 Qb6 31. Rfb1 Re7 32. Ng3 Rce8 33. Bc2 ({White should play} 33. hxg6 $11 fxg6 34. Bxf5 gxf5 35. Nxf5) 33... Qc7 $15 34. Bd3 Re3 35. Rd1 Qb8 36. Rab1 (36. Rxa5 $15 Qxb3 {[%mdl 64] Double Attack} 37. Raa1) 36... Bb5 $17 37. c4 {[#]} Ba6 ({Black should try} 37... Bxc4 $1 $17 {[%mdl 512]} 38. Bxf5 (38. bxc4 Rxd3 39. c5 Rxd1+ 40. Rxd1 Qb3 $17) (38. Bxc4 dxc4) 38... Bb5) 38. Nf1 $11 R3e7 39. Qd2 Qc7 40. Rbc1 Qb8 41. Rb1 Kg8 42. h6 (42. hxg6 $15 hxg6 43. Qh2) 42... Nf8 $17 43. Nh2 (43. Ra1 $17) 43... Ne6 44. Rf1 Qa7 {Strongly threatening ...dxc4.} 45. c5 Bxd3 46. Qxd3 Qb8 47. Qd2 Nxg5 $2 {[%mdl 8192]} 48. fxg5 $18 Qg3+ 49. Qg2 Qe3+ 50. Kh1 Qxd4 51. Rbd1 Qxc5 52. Qxd5 ({Don't play} 52. Rxd5 $6 Qc3 $16) 52... Qb6 53. Qd4 Qxd4 54. Rxd4 Rb7 55. Rd3 f6 $2 (55... Reb8 56. Ra1 Kf8) 56. Nf3 Kf7 57. Rd6 Re6 58. Rfd1 Ke7 59. Rd8 Reb6 $2 (59... fxg5 60. Nxg5 {[%mdl 64] Double Attack} Re3) 60. Rh8 Ke6 61. Re8+ Kf7 62. Rh8 Ke6 $1 63. Re8+ Kf7 64. Rh8 $2 {Weighted Error Value: White=0.37/Black=0.27} (64. Rdd8 $18) 1/2-1/2

[Event "DEN-ch Landsholdsklassen 2021"]
[Site "Svendborg"]
[Date "2021.10.18"]
[Round "3.3"]
[White "Haubro, Martin"]
[Black "Thybo, Jesper Sondergaard"]
[Result "0-1"]
[WhiteElo "2426"]
[BlackElo "2602"]
[Annotator "TA"]
[PlyCount "88"]
[EventDate "2021.10.16"]
[EventType "tourn"]
[EventCountry "DEN"]
[SourceTitle "playchess.com"]
[Source "ChessBase"]
[SourceQuality "1"]

{[%evp 9,88,0,0,0,0,0,0,0,0,0,0,0,0,0,0,0,0,0,0,0,-1,-7,0,0,0,0,0,0,64,-20,0,-10,-16,-57,-54,-55,-43,-93,-85,-81,-93,-97,-49,-64,-58,-129,0,-89,-95,-143,-141,-254,-257,-250,-233,-320,-310,-312,-304,-329,-270,-339,-273,-277,-256,-265,-265,-262,-254,-238,-244,-258,-244,-471,-467,-470,-453,-498,-442,-348,-335]} 1. e4 c6 2. d4 d5 3. e5 c5 4. dxc5 e6 5. a3 Bxc5 6. b4 {B12: Caro-Kann: Advance Variation.} Be7 7. Qg4 g6 8. Bd3 {The position is equal.} a5 9. b5 Nd7 10. Nf3 h5 11. Qf4 Nh6 12. a4 b6 13. O-O Bb7 {[#]} 14. Nc3 $146 ({Predecessor:} 14. Bb2 Nf5 15. Qd2 Nc5 16. Qe2 Qc7 17. Nbd2 O-O-O 18. Nb3 {½-½ (18) Kregelin,J (2331)-Tkachenko,I (2331) ICCF email 2018}) 14... Qc7 15. Ne2 g5 16. Nxg5 Qxe5 17. Qxe5 Nxe5 18. Bb2 Nxd3 (18... Nhg4 $11) 19. cxd3 ({Better is} 19. Bxh8 $14 Nc5 20. Nh7) 19... Rg8 $11 20. f4 Nf5 21. Nd4 {Black should prevent Nxf5.} Bc5 $36 {[%mdl 2048] Black is pushing.} 22. Ngf3 Rg4 $1 {[%cal Rg4f4]} 23. Kh1 {next Nxf5 is good for White.} Rxf4 {[%cal Rf5d4]} 24. Nxf5 Rxf5 25. Ne5 Rxf1+ 26. Rxf1 f5 27. Rf3 (27. Rf4 $15) 27... h4 ({Black should play} 27... d4 $17 28. Rh3 O-O-O 29. Rxh5 Rg8) 28. h3 (28. Rh3 $11 {remains equal.}) 28... Rc8 $17 {White is on the road to losing.} 29. d4 {[#]} Bb4 30. Nd3 (30. Ba3 $17) 30... Bd6 $19 31. Re3 Kd7 32. Re1 Rc2 {Strongly threatening ...Rd2.} 33. Rd1 Bg3 34. Bc1 Rc4 35. Bf4 Bxf4 ({But not} 35... Rxd4 $2 36. Ne5+ Kd6 37. Rxd4 $18) 36. Nxf4 Rxa4 {[%mdl 4096] Endgame KRB-KRN} 37. Ng6 Kd6 38. Nxh4 Bc8 39. Nf3 Bd7 40. h4 {[#]} Be8 ({Don't take} 40... Bxb5 41. h5 $17) 41. Ng5 $2 (41. Re1) 41... Bh5 42. Rd3 Rb4 43. g3 e5 44. dxe5+ Kxe5 {Weighted Error Value: White=0.28/Black=0.12} 0-1

[Event "DEN-ch Landsholdsklassen 2021"]
[Site "Svendborg"]
[Date "2021.10.18"]
[Round "3.5"]
[White "Rewitz, Poul"]
[Black "Chatalbashev, Boris"]
[Result "1/2-1/2"]
[WhiteElo "2264"]
[BlackElo "2536"]
[Annotator "TA"]
[PlyCount "117"]
[EventDate "2021.10.16"]
[EventType "tourn"]
[EventCountry "DEN"]
[SourceTitle "playchess.com"]
[Source "ChessBase"]
[SourceQuality "1"]

{[%evp 9,117,0,7,-12,-12,-18,0,0,0,0,0,-8,1,8,8,-11,-6,-6,0,-6,-6,-13,-12,-25,0,-10,0,-9,3,2,18,0,0,-5,0,-54,0,-27,0,0,25,27,83,-35,-45,-45,-50,-34,-39,-117,-118,-157,-159,-155,-143,-129,-42,-241,-207,-205,-206,-206,-210,-297,-299,-341,-335,-324,-331,-443,-196,-173,-17,-20,0,-8,-8,-8,0,0,0,0,0,0,0,0,10,-130,-8,-8,-8,-8,-8,-8,-8,-8,-8,-8,-8,-8,-8,-8,-8,-8,-8,-8,-8,-8,-8,-8]} 1. d4 Nf6 2. Bg5 d5 3. Nd2 c5 4. e3 cxd4 5. exd4 Qb6 6. Bxf6 {[#] D00: 1 d4 d5: Unusual lines.} exf6 $146 ({Predecessor:} 6... Qxf6 7. Ngf3 Nc6 8. c3 g5 9. Bb5 Qe6+ 10. Qe2 Qxe2+ 11. Kxe2 f6 12. h3 Bd7 {0-1 (30) Tscharotschkin,M (2178)-Miedema,D (2356) Lisbon 2019}) 7. Qe2+ Qe6 8. g3 Nc6 9. c3 Bd6 10. Bh3 Qxe2+ 11. Kxe2 Be6 12. Nf1 h5 13. Ne3 h4 14. Bg2 Ne7 15. Kd2 g5 16. Nf3 Rc8 17. Ne1 f5 18. Nd3 f6 19. Rae1 Kf7 20. Nc2 a5 21. a3 b6 22. b4 (22. f4 $11) 22... g4 (22... Ra8 $15) 23. Rb1 Rc6 24. Rhc1 hxg3 (24... axb4 {seems wilder.} 25. Ncxb4 Rc7 26. Na6 Rc6 27. Nab4) 25. hxg3 Rh2 (25... f4 $11) 26. Rh1 {[#]} Bxg3 $1 $15 27. Rxh2 Bxh2 28. bxa5 bxa5 29. Nc5 (29. Rb5 $15) 29... Bf4+ $17 30. Ne3 Bg5 $1 $36 {[%mdl 2048] White must now prevent ...f4. Black is in control.} 31. Nb7 {Threatens to win with Nd8+.} Ke8 32. Bf1 {next Bb5 is good for White.} f4 (32... Rc7 $17 33. Bb5+ Kf8) 33. Bb5 $2 fxe3+ $19 34. fxe3 Kf8 35. Bxc6 Nxc6 36. Nc5 (36. Ke2 {was necessary.}) 36... Bf5 37. Rg1 Ne7 38. Ke2 Nc8 39. c4 Nb6 (39... dxc4 $142 40. e4 Bg6 41. Ne6+ Ke7 42. Nxg5 fxg5) 40. Rf1 Bc8 ({Worse is} 40... Nxc4 41. Rxf5 Bxe3 42. Rxd5 $16 (42. Rxf6+ Kg7 $16)) ({Better is} 40... Be4 $19 41. Ne6+ Ke7 42. Nxg5 fxg5 43. cxd5 Nxd5) 41. Rb1 $1 $11 {[%cal Rb1b6]} Nxc4 42. Rb8 Bxe3 43. Rxc8+ {[%mdl 4096] Endgame KRN-KBN} Kf7 44. Rc7+ Kg6 {...f5 is the strong threat.} 45. Rd7 g3 {aiming for ...g2.} 46. Kf3 Bxd4 47. Nd3 ({Avoid the trap} 47. Rxd5 $2 g2 $1 $19) 47... Be5 48. Rd8 {[#]} (48. Rxd5 $11 Nxa3 49. Nxe5+ fxe5 50. Rxe5) 48... Bc7 ({Much weaker is} 48... Nxa3 $6 49. Nxe5+ fxe5 50. Rxd5 $11) ({Black should play} 48... d4 $1 $17 49. a4 Kf5) 49. Nf4+ {The position is equal.} Kf5 50. Rxd5+ Ne5+ $1 51. Kxg3 Ke4 {And now ...Nc4 would win.} 52. Rc5 {[%cal Rc5c7]} Bd6 53. Rxa5 {Black should prevent Ra4+.} Nd3 54. Ra4+ Ke3 55. Kg4 {Hoping for Nd5+.} Bxf4 56. Kf5 Be5 57. Ra6 Kd4 58. Rxf6 Bxf6 59. Kxf6 {And White is the lucky defender.  Weighted Error Value: White=0.22/Black=0.21} 1/2-1/2

[Event "DEN-ch Landsholdsklassen 2021"]
[Site "Svendborg"]
[Date "2021.10.19"]
[Round "4.1"]
[White "Rasmussen, Allan Stig"]
[Black "Rewitz, Poul"]
[Result "1-0"]
[WhiteElo "2566"]
[BlackElo "2264"]
[Annotator "TA"]
[PlyCount "55"]
[EventDate "2021.10.16"]
[EventType "tourn"]
[EventCountry "DEN"]
[SourceTitle "playchess.com"]
[Source "ChessBase"]
[SourceQuality "1"]

{[%evp 15,55,27,34,34,34,27,34,29,33,32,63,63,84,36,186,176,191,176,208,202,220,220,238,208,213,207,195,202,308,293,388,387,400,400,422,406,512,501,671,641,643,631]} 1. c4 e6 2. Nf3 d5 3. d4 c6 4. e3 f5 5. Bd3 Nf6 6. O-O Bd6 7. b3 Qe7 8. Bb2 O-O 9. Nc3 {A84: Dutch Defence: 2 c4 Miscellaneous.} Ne4 10. Ne2 b6 11. Rc1 {White is slightly better.} Bb7 12. Ne5 Bxe5 13. dxe5 Nd7 {[#]} 14. f3 $146 ({Predecessor:} 14. cxd5 exd5 15. f4 c5 16. Bxe4 dxe4 17. Nc3 Ba6 18. Nd5 Qd8 19. e6 Nf6 20. Bxf6 Rxf6 21. e7 {1-0 (21) Brusi Noguera,R (2122)-Mas Recorda,P (1947) Lloret del Mar 2018}) 14... Ng5 (14... Nec5 $14) 15. cxd5 $18 exd5 16. Nd4 Qxe5 17. Qe2 {Black must now prevent f4.} f4 {[#]} 18. Nf5 {[%mdl 512]} Qe8 (18... Qe6 19. e4) 19. Nxg7 Qxe3+ 20. Qxe3 fxe3 21. Nf5 $40 {[%mdl 128] White wants a kill.} Rxf5 (21... Rfe8 {was worth a try.} 22. Rfe1 Nc5) 22. Bxf5 Nc5 23. Rfe1 Rf8 24. Bb1 Re8 25. Bd4 e2 26. Bxc5 {White is clearly winning.} Ba6 27. Bf2 c5 28. Rc2 {Black got outplayed after the opening.  Weighted Error Value: White=0.05/Black=0.51} 1-0

[Event "DEN-ch Landsholdsklassen 2021"]
[Site "Svendborg"]
[Date "2021.10.19"]
[Round "4.2"]
[White "Antonsen, Mikkel"]
[Black "Thybo, Jesper Sondergaard"]
[Result "1/2-1/2"]
[WhiteElo "2409"]
[BlackElo "2602"]
[Annotator "TA"]
[PlyCount "98"]
[EventDate "2021.10.16"]
[EventType "tourn"]
[EventCountry "DEN"]
[SourceTitle "playchess.com"]
[Source "ChessBase"]
[SourceQuality "1"]

{[%evp 16,98,31,35,52,51,33,34,26,2,23,0,0,0,12,-8,-14,-31,-28,-33,-9,-13,-27,-38,0,0,0,-32,-30,-53,-59,-108,-121,-116,-114,-247,-245,-291,-218,-252,-215,-203,-193,-207,-150,-105,-112,-71,-96,-75,0,0,0,0,0,0,0,0,0,0,0,0,0,0,0,0,0,0,0,-24,-24,-62,-58,-252,-250,-290,-285,-407,-407,-408,-407,-422,-422,-4943,-382]} 1. c4 c5 2. Nf3 Nf6 3. Nc3 e6 4. g3 d5 5. cxd5 exd5 6. d4 Nc6 7. Bg2 cxd4 8. Nxd4 Bc5 9. Nb3 Bb6 {D33: Tarrasch Defence: 6 g3 sidelines.} 10. O-O (10. Bxd5 $6 Nb4 $15) 10... d4 11. Na4 O-O {White is slightly better.} 12. Nxb6 axb6 13. Bxc6 bxc6 14. Qxd4 Qc7 15. Bg5 c5 16. Qf4 {[#]} Qc6 $146 {[%mdl 1024] Black has compensation.} ({Predecessor:} 16... Qxf4 17. Bxf4 Be6 18. Rfd1 Nd5 19. Bd2 Rfd8 20. Be1 f6 21. Nc1 Ne7 22. Rxd8+ Rxd8 {½-½ (30) Peyrer,K (2230)-Lipka,J (2405) Austria 2020}) 17. Qf3 Nd5 18. e4 Nc7 19. Nd2 Ne6 20. Be3 Bb7 21. Qf5 Rfd8 22. f3 Qb5 23. Qe5 Rd3 $1 {[%cal Rd3e3]} 24. Rfe1 Re8 {And now ...Nd4 would win.} 25. a4 (25. b3 $17) 25... Qd7 $1 $19 26. Nc4 Nd4 27. Qf4 Nc2 $1 {[%csl LRa1,LRe1]} 28. Nxb6 Qd8 29. Bxc5 Nxa1 30. Rxa1 Rd1+ 31. Rxd1 Qxd1+ 32. Kg2 {[#]} Ba6 (32... h5 $1 $17 33. b4 Qc2+ 34. Bf2 Rd8) 33. g4 $1 $11 ({Avoid the trap} 33. Kh3 $2 Qc2 $19) 33... Bf1+ 34. Kg3 $1 Qe2 {( -> ...Qg2+)} (34... Qc2 $5 35. Bf2 $8 Qxb2 $11) 35. Bf2 {Strongly threatening b4.} Qxb2 36. g5 h6 37. h4 hxg5 $40 {[%mdl 128] Black mounts an attack.} 38. hxg5 Qb3 39. Nd5 Bc4 40. Nb6 Be2 41. Qe3 Qd1 42. Nd5 Bc4 43. Nf4 Re5 44. Nh5 $2 {[#]} (44. Nh3 $15) 44... f6 $1 $19 ({Worse is} 44... Qxa4 45. f4 $11) 45. f4 {Hoping for Nxf6+!} Re8 ({And not} 45... Qxh5 46. fxe5 fxg5 47. Kg2 $11) 46. Qc5 (46. Qd4 {might work better.} Be2 47. Nxg7 Qxd4 48. Bxd4 Kxg7 49. Bxf6+ Kg8 50. Be5) 46... Bf7 47. Nxg7 Kxg7 48. gxf6+ Kh8 49. Qf5 (49. Kh2 $142) 49... Qd3+ $2 {[%mdl 32768] Weighted Error Value: White=0.34/Black=0.07. An unexpected result.} (49... Rg8+ 50. Kh2 Qe2 51. Qh3+ Bh5) 1/2-1/2

[Event "DEN-ch Landsholdsklassen 2021"]
[Site "Svendborg"]
[Date "2021.10.19"]
[Round "4.3"]
[White "Hansen, Sune Berg"]
[Black "Schandorff, Lars"]
[Result "1/2-1/2"]
[WhiteElo "2528"]
[BlackElo "2458"]
[Annotator "TA"]
[PlyCount "123"]
[EventDate "2021.10.16"]
[EventType "tourn"]
[EventCountry "DEN"]
[SourceTitle "playchess.com"]
[Source "ChessBase"]
[SourceQuality "1"]

{[%evp 11,123,4,23,17,18,14,38,29,29,22,53,65,43,22,28,27,19,24,26,27,27,29,25,17,26,17,31,0,0,0,28,28,28,28,28,28,29,4,28,28,28,-7,28,28,28,28,35,29,28,28,21,21,81,32,107,35,107,51,38,35,35,35,35,32,32,12,53,53,91,91,91,84,91,81,77,77,81,84,84,77,77,70,74,77,77,74,77,77,89,31,52,26,38,33,36,38,33,23,25,18,18,2,18,3,69,62,68,8,8,0,0,0,0,-18]} 1. Nf3 d5 2. g3 Nf6 3. Bg2 c6 4. O-O Bf5 5. c4 e6 6. Qb3 Qb6 7. d3 {A11: English Opening: 1...c6.} Nbd7 8. cxd5 Qxb3 9. axb3 {[%cal Ba2b3,Bb3b4][%mdl 32] [#] Black must now prevent dxc6.White is slightly better.} exd5 10. Bd2 Bc5 11. b4 Bb6 12. Bc3 O-O 13. Nbd2 Rfe8 14. Rfe1 Re7 15. Nb3 Rae8 16. Nfd4 Bg6 17. Kf1 {[#]} Nf8 $146 ({Predecessor:} 17... h5 18. h3 Bh7 19. Rad1 Ne5 20. Nc5 a6 21. Ndb3 Ng6 22. e3 Nf8 23. Bd4 Bf5 {1-0 (42) Svane,R (2625)-Guerrero Olmos,S (2372) Ciudad Real 2021}) 18. Bh3 Ne6 19. Nf5 Bxf5 20. Bxf5 Nc7 (20... d4 $5 {[%cal Rd4c3]} 21. Bd2 Nc7 $11) 21. Bxf6 gxf6 22. d4 Nb5 23. e3 Nd6 24. Bh3 f5 25. Nc5 Kg7 26. Re2 Kf6 27. Bg2 Kg7 28. Bf3 Rd8 29. Rc2 Rde8 30. Be2 Rd8 31. Bd3 Rc8 (31... a6 $11 {keeps the balance.}) 32. Kg2 h6 {[#]} ({Better is} 32... a6 $14) 33. Kf3 (33. Na4 $1 $16) 33... Kf6 ({Black should try} 33... a6 $14) 34. Rac1 (34. Na4 $16) 34... Bd8 $14 35. Na4 a6 36. Nc5 Rb8 37. h3 Ne4 38. g4 (38. Kg2 {is interesting.} Bb6 39. Be2 Kg7 40. h4 Bc7 41. Bf3) 38... fxg4+ (38... Bb6 {looks sharper.} 39. Rd1 Rg8 40. gxf5 Bxc5 41. bxc5 Ree8) 39. hxg4 {[%cal Rd3e4]} Nxc5 40. bxc5 ({Much weaker is} 40. dxc5 $6 Kg7 $11) 40... Kg7 41. Rh1 Re8 42. Bf5 Be7 43. Rcc1 Bf8 44. Rh5 Kf6 45. Rch1 Bg7 46. e4 dxe4+ 47. Bxe4 Ke7 48. d5 cxd5 49. Bxd5 Kf8 50. b3 (50. b4 $16) 50... a5 51. Kg2 Red8 52. Rf5 Rd7 53. Bc4 Rbd8 54. Rh3 Re7 55. Rhf3 {[%cal Rf5f7]} Rdd7 56. Kh3 Rc7 57. Rd3 Red7 (57... Re5 $11) 58. Rd6 Re7 59. Kh4 (59. f4 $14) 59... Re5 $11 {The position is equal.} 60. Rd5 Rxf5 61. Rxf5 Bd4 62. f4 {Weighted Error Value: White=0.12/Black=0.13} 1/2-1/2

[Event "DEN-ch Landsholdsklassen 2021"]
[Site "Svendborg"]
[Date "2021.10.19"]
[Round "4.4"]
[White "Chatalbashev, Boris"]
[Black "Haubro, Martin"]
[Result "1-0"]
[WhiteElo "2536"]
[BlackElo "2426"]
[Annotator "TA"]
[PlyCount "95"]
[EventDate "2021.10.16"]
[EventType "tourn"]
[EventCountry "DEN"]
[SourceTitle "playchess.com"]
[Source "ChessBase"]
[SourceQuality "1"]

{[%evp 13,95,6,9,-14,20,31,44,42,45,45,58,51,69,25,35,29,40,0,28,0,-2,0,0,0,0,0,16,19,34,12,66,50,56,38,93,69,91,50,164,156,458,413,411,407,534,527,474,299,312,314,466,420,408,370,397,365,546,526,1742,1650,1501,465,457,454,506,506,485,410,383,366,361,346,660,625,613,430,726,708,934,909,949,940,899,879]} 1. Nf3 d5 2. c4 e6 3. e3 Nf6 4. Nc3 c6 5. b3 Bd6 6. Bb2 Nbd7 7. Qc2 O-O 8. Rg1 {A11: English Opening: 1...c6.} Qe7 9. g4 Ba3 10. g5 {White is slightly better.} Ne8 11. Bxa3 Qxa3 12. h4 Qd6 {[#]} 13. Bd3 $146 ({Predecessor:} 13. d4 e5 14. cxd5 cxd5 15. dxe5 Nxe5 16. Nd4 Bd7 17. O-O-O Rc8 18. Kb2 Qb4 19. f4 {1-0 (37) Andersen,M (2479)-Mirzoeva,E (2215) Oslo 2013}) 13... g6 14. h5 e5 15. cxd5 cxd5 16. hxg6 fxg6 17. Be2 {Black should prevent Nxd5!} Nb6 18. a4 Bf5 19. Qb2 {With the idea Nb5.} Nc7 20. Qa3 Qe6 21. d4 e4 (21... Nd7 $11) 22. Ne5 $14 Nd7 23. Ng4 Rac8 (23... Bxg4 $14 24. Bxg4 Qf7) 24. Rc1 Kg7 25. Nh6 a5 (25... Nb8 $1 $14) 26. Kd2 $18 Na6 $2 {This move loses the game for Black.} (26... Nb8 $16) 27. Bxa6 bxa6 28. Ne2 {[#] Strongly threatening Nf4.} Nb6 29. Nf4 Qd7 30. Rc5 Qe7 31. Qa1 Nd7 (31... Bd7 $142 32. Qc3 Qd6) 32. Nxd5 Qd6 33. Ke2 Rce8 34. Nc7 Re7 (34... Nxc5 $142 35. Nxe8+ Rxe8) 35. d5+ Re5 36. Rc6 Qb4 37. Qc3 (37. Ne6+ $142 Kh8 {[#]} 38. Nf7+ $1 {[%mdl 576] Deflection} Rxf7 39. Rc8+ Nf8 40. Qxe5+ Kg8 41. Rxf8+ Qxf8 42. Nxf8 Rxf8 43. d6) 37... Qxc3 38. Rxc3 Nb6 39. Nxf5+ Rfxf5 40. d6 Nd7 41. Rc6 Kg8 42. Rxa6 ({Don't do} 42. Nxa6 Rd5 $18) 42... Rxg5 $2 (42... Rc5 43. Ra8+ Kf7) 43. Rxg5 {White is clearly winning.} Rxg5 {KRN-KRN} 44. Nb5 Nf6 (44... Rc5 $142 45. Ra7 Nf8 46. Rxa5 h5) 45. Rxa5 Rd5 46. Ra8+ Kf7 47. Ra7+ Kf8 48. Rb7 {Weighted Error Value: White=0.32/Black=0.55} 1-0